Statistiche per Capitali che iniziano con la B

Clicka qui per fare il quiz!

Statistiche generali

  • Questo quiz è stato fatto 43 volte
  • Il punteggio medio è 16 su 25

Statistiche sulle risposte

Popolazione (ab.)ContinenteCapitale% Corretto
3 769 495EuropaBerlino
92%
8 080 734America del SudBogotà
92%
3 039 444America del SudBrasilia
88%
2 103 346EuropaBucarest
88%
1 759 497EuropaBudapest
88%
3 068 043America del SudBuenos Aires
88%
563 682EuropaBratislava
85%
176 545EuropaBruxelles
77%
7 665 292AsiaBaghdad
69%
2 446 700AfricaBamako
69%
1 233 796EuropaBelgrado
69%
133 791EuropaBerna
65%
2 181 800AsiaBaku
62%
790 000AfricaBangui
62%
20 621America del NordBelmopan
62%
8 305 218AsiaBangkok
58%
31 301AfricaBanjul
58%
450 000AsiaBeirut
54%
1 696 392AfricaBrazzaville
54%
94 200America del NordBridgetown
50%
937 400AsiaBiškek
46%
279 924AsiaBandar Seri Bagawan
42%
384 960AfricaBissau
42%
13 000America del NordBasseterre
38%
556 000AfricaBloemfontein
27%

Distribuzione punteggi

Percentile per numero di risposta

Percentuale di utenti per punteggio

I tuoi punteggi nel tempo

Non hai fatto questo quiz